Complex variables : introduction and applications (Record no. 11669)

000 -LEADER
fixed length control field 00425nam a22001577a 4500
020 ## - INTERNATIONAL STANDARD BOOK NUMBER
International Standard Book Number 9780521534291
082 ## - DEWEY DECIMAL CLASSIFICATION NUMBER
Classification number 515.9 ABL
100 ## - MAIN ENTRY--PERSONAL NAME
Personal name Ablowitz, Mark J.
245 ## - TITLE STATEMENT
Title Complex variables : introduction and applications
250 ## - EDITION STATEMENT
Edition statement 2nd ed.
260 ## - PUBLICATION, DISTRIBUTION, ETC.
Place of publication, distribution, etc. New York
Name of publisher, distributor, etc. Cambridge University Press
Date of publication, distribution, etc. 2003
300 ## - PHYSICAL DESCRIPTION
Extent xi, 647p. :
Accompanying material 23 cm
650 ## - SUBJECT ADDED ENTRY--TOPICAL TERM
Topical term or geographic name entry element Functions of complex variables
700 ## - ADDED ENTRY--PERSONAL NAME
Personal name Mark J.Ablowitz
942 ## - ADDED ENTRY ELEMENTS (KOHA)
Koha item type Book
Holdings
Withdrawn status Lost status Damaged status Not for loan Collection code Permanent Location Current Location Shelving location Date acquired Source of acquisition Cost, normal purchase price Total Checkouts Full call number Barcode Date last seen Date last checked out Price effective from Koha item type
          Central Library (CL) Central Library (CL) General Stacks 04/02/2013 Eagle Information Marketing 5828.32 4 515.9 ABL SEECS012154 12/04/2025 09/25/2019 04/02/2013 Book
© 2023 Central Library, National University of Sciences and Technology. All Rights Reserved.